| 000 | 00753nam a22002177a 4500 | ||
|---|---|---|---|
| 003 | 0 | ||
| 005 | 20251009142043.0 | ||
| 008 | 251009b xxu||||| |||| 00| 0 eng d | ||
| 020 | _a978-1-0718-9706-5 | ||
| 050 |
_aBF 713 _b.B47 2023 |
||
| 100 |
_aBerk, Laura E., _eauthor. |
||
| 245 |
_aExploring lifespan development / _cLaura E. Berk. |
||
| 250 | _aFourth edition. | ||
| 260 |
_aThausand Oaks, California : _bSage Publications, Inc. _c2023. |
||
| 300 |
_axxvi, various pagination : _bcolored illustrations ; _c28 cm. |
||
| 504 | _aIncludes bibliographical references and index. | ||
| 650 | _aDevelopmental psychology. | ||
| 650 |
_aLife cycle, Human _xPsychological aspects. |
||
| 650 |
_aHuman behavior _xDevelopmental aspects. |
||
| 942 |
_2lcc _cBK |
||
| 999 |
_c368206 _d368206 |
||